000 00703nam a2200241 i 4500
001 C2-0336976
003 PPAK
005 20180728135828.0
008 160717s2014 cc a|||| ||||| | chi d
020 _a9787538482898
040 _aPPAK
_beng
_cPPAK
_erda
082 0 4 _a032.02
_223
090 0 0 _a032.02
_bZHI
_dK
100 1 _aZhi, Shang Mo Fang,
_eauthor
245 1 0 _aKong long shi dai de di qiu
264 1 _aChangchun :
_bJi lin ke xue ji shu chu ban she ,
_c2014
300 _a120 pages :
_bcolour illustrations ;
_c23 cm
336 _2rdacontent
_atext
337 _2rdamedia
_aunmediated
338 _2rdacarrier
_avolume
650 1 0 _aChildren's questions and answers.
942 _ddc
_cB
999 _c134694
_d134694